01199nam a2200349Ia 450000500170000000800410001702000340005802000300009204100080012208200140013010000290014424501090017325000180028230000250030049000360032550000250036150000340038653400180042065000440043865100350048265100440051765100340056170000380059570000400063394200120067326400260068533600270071133700330073833800280077104000350079999900150083420220317001734.0170328s2015 s g 000 0 s  a9788420650821 (obra completa) a9788420654980 (volumen 3) aspa04a932bA73e1 aAsimov, Isaacd1920-199214aLos egipciosbhistoria universal AsimovcIsaac Asimov ; traducción de Carlo A. Caranci y Carmen Sáez a3a. edición a334 páginasc18 cm aEl libro de bolsillo : historia aIncluye cronología aIncluye índice onomástico tThe Egyptians142LEMBaCivilización asiriozBabilonica 4aEgiptoxHistoria antigua96793 4aEgiptovVida social y costumbres980960 4aEgiptovCivilización9809611 aSáez, Carmenetraductora9665681 aCaranci, Carlo A.etraductor966569 2ddccBK aMadridbAlianzac2015 atextobtxt2rdacontent asin mediaciónbn2rdamedia avolumenbnc2rdacarrier aCO-BoRNBPbspaerdacCO-BoRNBP c7919d7919